000 02648nam a2200301Ia 4500
003 OSt
005 20210810140214.0
008 210310s2004 ck ad fr 000 0 spa d
020 _a9586824748
040 _aCO-JMCR
_cCO-JMCR
041 0 _aspa
082 0 4 _a332.6 /
_bM716e1
_223
100 1 _aMokate, Karen Marie,
_916860
_eautora
245 1 0 _aEvaluación financiera de proyectos de inversión /
_cKaren Marie Mokate ; con la colaboración de Adriana Cuervo de Forero y Hernán Eduardo Vallejo
250 _aSegunda edición
260 _aBogotá :
_bEdiciones Uniandes : Alfaomega,
_c2004
300 _axiv, 296 páginas :
_bilustraciones y gráficas a blanco y negro ;
_c23 cm.
500 _aIncluye notas a pie de página.
504 _aBibliografía: páginas 295-296
505 0 _aEl proyecto de inversión y el ciclo del proyecto -- La etapa de formulación del proyecto -- El flujo de fondos financieros -- Las equivalencias financieras -- La tasa de interés de oportunidad y el descuento intertemporal -- Los criterios para la toma de decisión -- Ordenamiento de proyectos -- La evaluación financiera en un escenario inflacionario -- Cambios en los precios relativos -- La devaluación y la tasa de cambio en la evaluación financiera -- Riesgo e incertidumbre en la evaluación financiera
520 3 _aLa evaluación financiera juega un papel fundamental en el proceso decisorio de un proyecto porque permite analizar la rentabilidad financiera del mismo. Además, es una herramienta útil para el análisis de estrategias de recuperación de costos y de financiamiento; para el establecimiento de tarifas y subsidios y para el análisis de la sostenibilidad financiera. El texto parte de una amplia discusión del papel de la evaluación en el ciclo del proyecto y de los diversos costos e ingresos que deben incorporarse en la evaluación. Presenta varios criterios para la medición de la rentabilidad y discute el uso de estos para la comparación de diversas alternativas de inversión. La presentación y la aplicación de técnicas prácticas de la evaluación de proyectos con una discusión sobre la teoría, le brindan solidez al libro. Así, resulta útil, no solo al estudiante que profundiza sobre la evaluación por primera vez, sino también al profesional que requiere una referencia sobre el tema.
650 1 4 _aEvaluación de proyectos de inversión
_916862
650 2 4 _aProyectos de desarrollo
_94149
650 2 4 _aMatemáticas financieras
_910647
700 1 _aCuervo de Forero, Adriana,
_ecolaboradora
_939226
700 1 _aVallejo, Hernán Eduardo,
_ecolaborador
_939227
942 _2ddc
_cBK
999 _c8291
_d8291